[Event "Tatry Open 2018"]
[Site "Tatranska Lomnica"]
[Date "2018.09.30"]
[Round "1"]
[White "Gettler, Daniel"]
[Black "Matras, Ondrej"]
[Result "1/2-1/2"]
[WhiteElo "2024"]
[BlackElo "2224"]
[Annotator "ChessBase"]
[PlyCount "102"]
[EventDate "2018.09.30"]
[EventType "swiss"]
[EventCountry "SVK"]
[SourceTitle "playchess.com"]
[Source "ChessBase"]
[SourceQuality "1"]
[TimeControl "40/5400+30:1800+30"]

1. c4 {[%emt 0:00:00]} e5 {[%emt 0:00:00]} 2. Nc3 {[%emt 0:00:00]} Nc6 {[%emt 0:00:00]} 3. g3 {[%emt 0:00:00]} f5 {[%emt 0:00:00]} 4. Bg2 {[%emt 0:00:00]} Nf6 {[%emt 0:00:03]} 5. e3 {[%emt 0:03:55]} Bb4 {[%emt 0:12:50]} 6. Nge2 {[%emt 0:05:08]} O-O {[%emt 0:00:35]} 7. a3 {[%emt 0:00:40]} Be7 {[%emt 0:01:50]} 8. d4 {[%emt 0:01:14]} d6 {[%emt 0:03:25]} 9. b4 {[%emt 0:02:31]} Qe8 {[%emt 0:11:02]} 10. O-O {[%emt 0:02:36]} Qh5 {[%emt 0:01:39]} 11. Nd5 {[%emt 0:02:43]} Bd8 {[%emt 0:05:07]} 12. Bb2 {[%emt 0:06:21]} exd4 {[%emt 0:04:05]} 13. Nxd4 {[%emt 0:12:55]} Qxd1 {[%emt 0:01:29]} 14. Rfxd1 {[%emt 0:00:12]} Nxd4 {[%emt 0:12:21]} 15. Nxf6+ {[%emt 0:13:10]} Bxf6 {[%emt 0:00:03]} 16. Bxd4 {[%emt 0:00:10]} g6 {[%emt 0:15:48]} 17. Rac1 {[%emt 0:07:24]} Bxd4 {[%emt 0:03:03]} 18. Rxd4 {[%emt 0:07:56]} Rb8 {[%emt 0:00:02]} 19. h4 {[%emt 0:05:06]} Be6 {[%emt 0:01:53]} 20. Bd5 {[%emt 0:06:18]} Kf7 {[%emt 0:00:44]} 21. Kf1 {[%emt 0:01:49]} Rfd8 {[%emt 0:02:52]} 22. Ke2 {[%emt 0:00:31]} Ke7 {[%emt 0:02:50]} 23. Bxe6 {[%emt 0:04:20]} Kxe6 {[%emt 0:00:03]} 24. e4 {[%emt 0:00:01]} fxe4 {[%emt 0:08:22]} 25. Rxe4+ {[%emt 0:00:35]} Kd7 {[%emt 0:00:01]} 26. Kd3 {[%emt 0:02:35]} Re8 {[%emt 0:00:02]} 27. Rce1 {[%emt 0:00:21]} Rxe4 {[%emt 0:00:01]} 28. Rxe4 {[%emt 0:00:01]} Rf8 {[%emt 0:00:21]} 29. Ke3 {[%emt 0:01:18]} Rf6 {[%emt 0:01:06]} 30. f3 {[%emt 0:05:45]} c6 {[%emt 0:00:17]} 31. g4 {[%emt 0:01:29]} a6 {[%emt 0:00:21]} 32. Rd4 {[%emt 0:05:18]} b5 {[%emt 0:00:50]} 33. f4 {[%emt 0:01:01]} Re6+ {[%emt 0:01:19]} 34. Kf3 {[%emt 0:00:39]} Re1 {[%emt 0:00:34]} 35. f5 {[%emt 0:01:23]} gxf5 {[%emt 0:03:39]} 36. gxf5 {[%emt 0:00:13]} Ra1 {[%emt 0:00:02]} 37. cxb5 {[%emt 0:01:34]} Rxa3+ {[%emt 0:00:02]} 38. Kg4 {[%emt 0:00:02]} axb5 {[%emt 0:00:16]} 39. Kg5 {[%emt 0:00:38]} Rc3 {[%emt 0:02:05]} 40. Re4 {[%emt 0:00:48]} d5 {[%emt 0:03:56]} 41. Re6 {[%emt 0:30:28]} d4 {[%emt 0:22:59]} 42. Re4 {[%emt 0:00:00]} d3 {[%emt 0:06:19]} 43. Rd4+ {[%emt 0:00:00]} Ke8 {[%emt 0:01:16]} 44. h5 {[%emt 0:00:00]} Rb3 {[%emt 0:01:41]} 45. Kf6 {[%emt 0:00:00]} d2 {[%emt 0:00:20]} 46. h6 {[%emt 0:00:00]} Rxb4 {[%emt 0:00:31]} 47. Rxd2 {[%emt 0:00:00]} Rh4 {[%emt 0:01:06]} 48. Kg7 {[%emt 0:00:00]} Rg4+ {[%emt 0:00:08]} 49. Kf6 {[%emt 0:00:54]} Rh4 {[%emt 0:01:56]} 50. Kg7 {[%emt 0:00:07]} Rg4+ {[%emt 0:00:39]} 51. Kf6 {[%emt 0:00:05]} Rh4 {[%emt 0:00:18]} 1/2-1/2

[Event "Tatry Open 2018"]
[Site "Tatranska Lomnica"]
[Date "2018.09.30"]
[Round "1"]
[White "Hurtak, Otto"]
[Black "Privara, Igor"]
[Result "1/2-1/2"]
[WhiteElo "2014"]
[BlackElo "2217"]
[Annotator "TA"]
[PlyCount "69"]
[EventDate "2018.09.30"]
[EventType "swiss"]
[EventCountry "SVK"]
[SourceTitle "playchess.com"]
[Source "ChessBase"]
[SourceQuality "1"]

{[%evp 13,69,0,-21,-9,0,0,0,0,-4,0,0,0,6,1,16,4,53,18,16,29,34,32,95,88,72,66,87,84,83,83,81,81,89,89,88,81,99,91,96,98,96,96,97,86,93,81,87,87,89,75,76,72,78,71,75,65,77,9]} 1. d4 d5 2. c4 e6 3. Nc3 c5 4. e3 Nf6 5. Nf3 a6 6. a3 dxc4 7. Bxc4 b5 8. Be2 {D40: Queen's Gambit Declined: Semi-Tarrasch with 5 e3} (8. Ba2 Bb7 9. O-O Be7 10. Qe2 Nbd7 11. Rd1 Qc7 12. dxc5 Nxc5 13. b4 Ncd7 14. Bb2 O-O 15. Rac1 Qb8 16. h3 Bxf3 17. Qxf3 {½-½ (31) Zhou,W (2643)-Ni,H (2704) Zaozhuang 2015}) 8... Nc6 9. dxc5 {Qxd8+ is the strong threat.} Qxd1+ 10. Bxd1 {The position is equal.} Bxc5 11. b4 Bb6 $146 ({Predecessor:} 11... Be7 12. O-O Bb7 13. Bb2 O-O 14. Be2 Rfd8 15. Rfd1 Kf8 16. Rxd8+ Rxd8 17. Rd1 Ke8 18. Kf1 h6 19. Rxd8+ Bxd8 20. Nd2 Ne7 {½-½ (20) Villajos Librado,A-Ibanez Rico,F Pref 1992}) 12. O-O Bb7 13. Be2 O-O 14. Bb2 e5 15. a4 e4 16. Nd2 {[%cal Bf3d2,Bd2c4,Bc4a5,Ba5b3][%mdl 32]} Nxb4 17. axb5 Nd3 (17... axb5 $14 18. Nxb5 Rfd8 19. Rxa8 Bxa8) 18. Nc4 Bc5 19. Na5 $36 {[%mdl 2048] White is more active.} Bd5 20. Nxd5 Nxd5 {[#]} 21. Bxd3 $1 exd3 22. Nb3 Be7 23. Rxa6 Rab8 24. Nd4 Bf6 25. Ra3 Nc7 26. Rxd3 Nxb5 27. Rfd1 Rfc8 28. Kf1 h5 29. Rb3 Nd6 30. Rxb8 Rxb8 31. Nc6 Rxb2 32. Rxd6 Kf8 33. Nd4 Ra2 34. Rd7 Rb2 35. Rc7 {Precision: White = 63%, Black = 51%.} (35. g3 $16) 1/2-1/2

[Event "Tatry Open 2018"]
[Site "Tatranska Lomnica"]
[Date "2018.09.30"]
[Round "1"]
[White "Zadrapa, Radek"]
[Black "Parligras, Cosmin"]
[Result "0-1"]
[WhiteElo "2010"]
[BlackElo "2203"]
[Annotator "TA"]
[PlyCount "60"]
[EventDate "2018.09.30"]
[EventType "swiss"]
[EventCountry "SVK"]
[SourceTitle "playchess.com"]
[Source "ChessBase"]
[SourceQuality "1"]

{[%evp 21,60,19,27,-14,20,0,18,-30,44,31,122,-53,-32,-58,-80,-126,-80,-189,-194,-186,-184,-224,-210,-193,-196,-156,-172,-202,-177,-258,-195,-222,-216,-341,-277,-660,-658,-673,-670,-834,-826]} 1. e4 c5 2. Nf3 a6 3. c4 g6 4. Nc3 Bg7 5. d4 cxd4 6. Nxd4 d6 7. Be2 Nf6 8. O-O O-O 9. Be3 b6 10. f4 Bb7 {A31: Symmetrical English: 2 Nf3 Nf6 3 d4} 11. Bf3 Nbd7 {LiveBook: 3 Games} 12. Qe2 $146 ({Predecessor:} 12. Nb3 Rc8 13. Qe2 e6 14. Rad1 Qc7 15. Nd2 Bc6 16. Kh1 Nc5 17. b4 Na4 18. Nxa4 Bxa4 {½-½ (43) Christiansen,L (2575)-Horvath,T (2435) Germany 1994}) 12... e6 {The position is equal.} 13. Rac1 Qc7 14. g4 Nc5 (14... e5 $1 $11 15. Nb3 exf4 16. Bxf4 Rae8) 15. Qc2 e5 {[#]} ({Black should try} 15... h6 $14) 16. Nde2 $2 (16. fxe5 $1 $16 dxe5 17. Nb3) 16... exf4 $15 17. Bxf4 Ne6 {[%cal Bc5e6,Be6g5,Bg5e4][%mdl 32]} 18. Be3 Qxc4 19. Bxb6 (19. Qd2 $17 {was called for.}) 19... Ng5 $19 20. Bg2 Nxg4 21. Nd5 Qxc2 (21... Qxa2 22. Nec3 $15) 22. Rxc2 Bxd5 23. exd5 {Threatening h4.} Rfe8 24. h4 Ne4 25. Rc7 (25. Rf4 $142 Nef6 26. Bd4) 25... Nef6 ({Not} 25... Bxb2 26. Rfxf7 Nef6 27. Rg7+ Kh8 28. Rge7 $17) 26. Nc3 Rab8 27. Bd4 {[#]} (27. Na4 {was forced.}) 27... Nxd5 $1 {[%mdl 512]} 28. Bxg7 $2 (28. Nxd5 Bxd4+ 29. Kh1 Rxb2 30. Rcxf7) 28... Nxc7 {Black is clearly winning.} 29. Bd4 Rxb2 30. Ne4 {[#]} Rxg2+ $1 {Precision: White = 14%, Black = 45%.} 0-1

[Event "Tatry Open 2018"]
[Site "Tatranska Lomnica"]
[Date "2018.10.01"]
[Round "2"]
[White "Pacher, Milan"]
[Black "Splichal, Stanislav"]
[Result "0-1"]
[WhiteElo "2457"]
[BlackElo "2154"]
[Annotator "TA"]
[PlyCount "88"]
[EventDate "2018.09.30"]
[EventType "swiss"]
[EventCountry "SVK"]
[SourceTitle "playchess.com"]
[Source "ChessBase"]
[SourceQuality "1"]

{[%evp 20,88,32,33,40,34,36,37,52,47,54,22,16,18,47,38,25,0,0,-28,0,0,0,-33,-38,-38,-27,-55,-31,-29,-13,-17,-29,-22,-25,-75,-10,-22,-8,-8,-18,-85,-74,-110,0,0,9,0,0,-225,0,0,0,0,0,0,0,-141,-130,-307,-294,-583,-512,-1323,-1315,-1241,-1234,-1186,-1185,-2251,-2157]} 1. e4 c6 2. d4 d5 3. Nc3 dxe4 4. Nxe4 Nd7 5. Nf3 Ngf6 6. Nxf6+ Nxf6 7. c3 Bg4 8. h3 Bxf3 9. Qxf3 e6 10. Bc4 Bd6 11. O-O {LiveBook: 6 Games} Nd5 {B17: Caro-Kann: Modern Line (4...Nd7)} (11... O-O 12. Bb3 a5 13. c4 e5 14. dxe5 Bxe5 15. Rb1 Re8 16. Bc2 Bd4 17. Bg5 h6 18. Bxf6 Qxf6 19. Qxf6 Bxf6 20. Rfe1 Rxe1+ 21. Rxe1 Kf8 22. b3 Re8 23. Rxe8+ {½-½ (23) Jakovenko,D (2736)-Anand,V (2788) Moscow 2009}) 12. Re1 O-O 13. Bd3 Qf6 $146 {White is slightly better.} ({Predecessor:} 13... Qh4 14. g3 Qd8 15. Bd2 Be7 {1-0 (59) Miletic,A (2181)-Chabot,C (2018) Chessfriend.com 2003}) 14. Qe4 {[%csl Gd3][%cal Re4h7] [#]} g6 15. c4 Nf4 16. Bf1 Rfe8 17. g3 Nh5 18. Bg2 (18. Bd2 {is more complex.} e5 19. Bc3 exd4 20. Qxd4 Rxe1 21. Rxe1 Qxd4 22. Bxd4 Ng7 23. Rd1) 18... Rad8 19. Qg4 {Black must now prevent Bg5.} Qg7 20. Bg5 f6 21. Be3 f5 22. Qf3 f4 23. gxf4 Rf8 24. Qg4 Rde8 25. d5 $1 {[%cal Rd5c6]} exd5 26. cxd5 c5 27. Rad1 Qf6 (27... Qxb2 $17 28. Bc1 Qxa2 29. Rxe8 Rxe8) 28. Bd2 Rxe1+ 29. Rxe1 Nxf4 30. Bc3 (30. Bxf4 $11 {keeps the balance.} Bxf4 31. Qe6+ Kg7 32. Qe7+ Qxe7 33. Rxe7+ Rf7 34. d6 Bxd6 35. Rxf7+ Kxf7 36. Bxb7) 30... Qf7 $17 31. Re3 h5 (31... b5 $17 32. Rf3 Qf5 33. Qxf5 Rxf5) 32. Qg5 $11 Kh7 ({Don't play} 32... Nxg2 33. Qxg2 Kh7 34. Re6 $16) 33. a4 b6 34. Rf3 $2 (34. Kh1 $11 {and White is okay.}) 34... Ne2+ $2 (34... Qd7 $19 35. Bf6 Qxa4) 35. Kf1 Bf4 36. Rxf4 Nxf4 $40 {[%mdl 128] Black mounts an attack.} 37. Be4 Re8 38. Bb1 {[#]} (38. Be5 $1 $11) 38... c4 $1 $17 {aiming for ...Nd3.} 39. d6 $2 (39. Bd2 $17 Nd3 40. Bxd3 cxd3 41. Qh6+ Kg8 42. Bc3) 39... Nd3 $19 {[%csl Gd3][%cal Rf7f2]} 40. Qh4 $2 (40. Bxd3 cxd3 41. Bd2) 40... Qf3 {[%cal Rf3h1] Black is clearly winning.} 41. Kg1 (41. Qg3 $142 Qh1+ 42. Qg1) 41... Nf4 {[%csl Gf4][%cal Rf3g2]} 42. Bxg6+ Nxg6 43. Qxc4 Ne5 44. Qc7+ Nf7 {Precision: White = 30%, Black = 45%.} 0-1

[Event "Tatry Open 2018"]
[Site "Tatranska Lomnica"]
[Date "2018.10.01"]
[Round "2"]
[White "Berezjuk, Sergej"]
[Black "Sosovicka, Jakub"]
[Result "1-0"]
[WhiteElo "2427"]
[BlackElo "2140"]
[Annotator "ChessBase"]
[PlyCount "63"]
[EventDate "2018.09.30"]
[EventType "swiss"]
[EventCountry "SVK"]
[SourceTitle "playchess.com"]
[Source "ChessBase"]
[SourceQuality "1"]
[TimeControl "40/5400+30:1800+30"]

1. Nf3 {[%emt 0:02:56]} d5 {[%emt 0:00:00]} 2. e3 {[%emt 0:00:03]} Nf6 {[%emt 0:01:01]} 3. c4 {[%emt 0:00:06]} e6 {[%emt 0:01:37]} 4. b3 {[%emt 0:01:32]} Be7 {[%emt 0:01:51]} 5. Bb2 {[%emt 0:00:07]} O-O {[%emt 0:01:22]} 6. Nc3 {[%emt 0:00:35]} b6 {[%emt 0:02:23]} 7. Be2 {[%emt 0:01:42]} Bb7 {[%emt 0:01:06]} 8. O-O {[%emt 0:00:19]} c5 {[%emt 0:01:15]} 9. cxd5 {[%emt 0:00:21]} Nxd5 {[%emt 0:08:00]} 10. d4 {[%emt 0:00:39]} Nd7 {[%emt 0:07:15]} 11. Bd3 {[%emt 0:04:00]} cxd4 {[%emt 0:02:39]} 12. Nxd5 {[%emt 0:01:02]} Bxd5 {[%emt 0:02:35]} 13. Nxd4 {[%emt 0:03:42]} Nc5 {[%emt 0:05:08]} 14. Bb5 {[%emt 0:03:13]} Rc8 {[%emt 0:06:36]} 15. b4 {[%emt 0:03:41]} Ne4 {[%emt 0:04:42]} 16. Ba6 {[%emt 0:01:12]} Rc7 {[%emt 0:03:26]} 17. a3 {[%emt 0:09:08]} Bf6 {[%emt 0:05:39]} 18. Rc1 {[%emt 0:04:43]} Nd6 {[%emt 0:07:46]} 19. Qe2 {[%emt 0:06:29]} Rxc1 {[%emt 0:03:31]} 20. Rxc1 {[%emt 0:00:25]} Qa8 {[%emt 0:04:25]} 21. f3 {[%emt 0:01:02]} Bb7 {[%emt 0:04:05]} 22. Bd3 {[%emt 0:02:59]} Rc8 {[%emt 0:02:01]} 23. Rd1 {[%emt 0:00:23]} Bd5 {[%emt 0:16:40]} 24. a4 {[%emt 0:26:19]} Bc4 {[%emt 0:01:57]} 25. b5 {[%emt 0:05:18]} Bxd3 {[%emt 0:02:00]} 26. Qxd3 {[%emt 0:01:44]} Nc4 {[%emt 0:00:34]} 27. Ba1 {[%emt 0:00:56]} Qd5 {[%emt 0:01:09]} 28. Nc6 {[%emt 0:00:43]} Qc5 {[%emt 0:02:43]} 29. Bxf6 {[%emt 0:01:10]} gxf6 {[%emt 0:00:09]} 30. Rc1 {[%emt 0:00:43]} Ne5 {[%emt 0:00:40]} 31. Rxc5 {[%emt 0:00:30]} Nxd3 {[%emt 0:00:07]} 32. Rc3 {[%emt 0:00:14]} 1-0

[Event "Tatry Open 2018"]
[Site "Tatranska Lomnica"]
[Date "2018.10.01"]
[Round "2"]
[White "Jablonicky, Martin"]
[Black "Dzikowski, Michal"]
[Result "1/2-1/2"]
[WhiteElo "2346"]
[BlackElo "2126"]
[Annotator "NA"]
[PlyCount "127"]
[EventDate "2018.09.30"]
[EventType "swiss"]
[EventCountry "SVK"]
[SourceTitle "playchess.com"]
[Source "ChessBase"]
[SourceQuality "1"]
[TimeControl "40/5400+30:1800+30"]

1. Nf3 {[%emt 0:03:38]} Nf6 {[%emt 0:00:00]} 2. c4 {[%emt 0:01:32]} e6 {[%emt 0:00:17]} 3. Nc3 {[%emt 0:01:12]} d5 {[%emt 0:00:53]} 4. e3 {[%emt 0:00:06]} Be7 {[%emt 0:00:49]} 5. b3 {[%emt 0:00:05]} O-O {[%emt 0:02:05]} 6. Bb2 {[%emt 0:00:05]} c5 {[%emt 0:02:42]} 7. cxd5 {[%emt 0:00:05]} exd5 {[%emt 0:00:46]} 8. d4 {[%emt 0:01:56]} Nc6 {[%emt 0:01:26]} 9. Be2 {[%emt 0:00:44]} Be6 {[%emt 0:08:43]} 10. dxc5 {[%emt 0:02:36]} Bxc5 {[%emt 0:00:49]} 11. O-O {[%emt 0:00:11]} Qe7 {[%emt 0:01:57]} 12. Rc1 {[%emt 0:02:56]} Rfd8 {[%emt 0:02:21] D32: Tarrasch Defence: Sidelines and lines without g3} (12... Rac8 13. Nb5 Ne4 14. Nfd4 Nxd4 15. Nxd4 Ba3 16. Rxc8 Rxc8 17. Qa1 Bxb2 18. Qxb2 Qc5 19. Bd3 Qc3 20. Qxc3 Rxc3 21. Rd1 Kf8 {½-½ (49) Georgiev,V (2540)-Strohhaeker,R (2391) Neuhausen 2007}) 13. Na4 {[%emt 0:05:24]} Bd6 {[%emt 0:02:26]} 14. Nd4 {[%emt 0:04:08]} Rac8 {[%emt 0:15:08]} 15. Nxc6 $146 {[%emt 0:00:37]} ({Predecessor:} 15. Nb5 Bb8 16. Ba3 Qe8 17. Nc5 a6 18. Nd4 Nxd4 19. Qxd4 Ba7 20. Qh4 {½-½ (64) Cvetkovic,S (2385)-Bjork,C Prague 1979}) 15... bxc6 {[%emt 0:02:17]} 16. Ba6 {[%emt 0:05:48]} Rc7 {[%emt 0:01:07]} 17. Bxf6 {[%emt 0:07:14]} Qxf6 {[%emt 0:03:12]} 18. Nc5 {[%emt 0:00:15]} Qe5 {[%emt 0:06:58]} 19. g3 {[%emt 0:01:17]} Bh3 {[%emt 0:01:14]} 20. Re1 {[%emt 0:01:28]} Re8 {[%emt 0:03:11]} 21. Qd4 {[%emt 0:21:13]} Qe7 {[%emt 0:17:25]} 22. f4 {[%emt 0:01:30]} h5 {[%emt 0:02:52]} 23. e4 {[%emt 0:13:27]} f6 {[%emt 0:09:57]} 24. Kf2 {[%emt 0:00:57]} Bxc5 {[%emt 0:02:29]} (24... Qf7 $1 $11) 25. Rxc5 {[%emt 0:01:00]} Bg4 {[%emt 0:03:21]} (25... Bf5 $5) 26. e5 {[%emt 0:05:48]} fxe5 {[%emt 0:02:26]} 27. Rxe5 {[%emt 0:00:04]} Qf7 {[%emt 0:01:17]} 28. Rxe8+ {[%emt 0:02:35]} Qxe8 {[%emt 0:00:06]} 29. Rc3 {[%emt 0:00:13]} Re7 {[%emt 0:01:17]} 30. Re3 {[%emt 0:00:33]} Rxe3 {[%emt 0:01:20]} 31. Qxe3 {[%emt 0:00:01]} Qxe3+ {[%emt 0:02:44]} 32. Kxe3 {[%emt 0:00:01]} c5 $1 {[%emt 0:00:21]} 33. Bb7 {[%emt 0:02:25]} d4+ {[%emt 0:00:35]} 34. Ke4 {[%emt 0:00:38]} Kf8 {[%emt 0:00:43]} 35. Ba6 {[%emt 0:01:25]} Be6 {[%emt 0:00:15]} 36. Ke5 {[%emt 0:01:28]} Ke7 {[%emt 0:00:33]} 37. f5 {[%emt 0:00:12]} Bf7 {[%emt 0:00:04]} 38. Bd3 {[%emt 0:01:11]} a5 {[%emt 0:01:54]} 39. h3 {[%emt 0:01:03]} Bg8 {[%emt 0:00:50]} 40. g4 {[%emt 0:01:55]} hxg4 $1 {[%emt 0:00:03]} 41. hxg4 {[%emt 0:30:07]} a4 {[%emt 0:17:48]} (41... Kd7 $11 {remains equal.}) 42. bxa4 {[%emt 0:00:00]} Bxa2 {[%emt 0:01:21]} 43. a5 {[%emt 0:00:00]} (43. Bb5 $16 Kd8 44. g5) 43... Kd7 $2 {[%emt 0:00:34]} (43... c4 $11 44. Be4 d3) 44. Be4 {[%emt 0:00:00]} Kc7 {[%emt 0:00:12]} 45. g5 {[%emt 0:00:00]} Bc4 $14 {[%emt 0:04:58]} 46. g6 {[%emt 0:03:43]} d3 {[%emt 0:01:43]} 47. f6 {[%emt 0:00:22]} gxf6+ {[%emt 0:00:05]} 48. Kxf6 {[%emt 0:00:04]} d2 {[%emt 0:00:26]} 49. Bf3 {[%emt 0:00:43]} Bd5 {[%emt 0:01:35]} 50. Bd1 {[%emt 0:01:02]} Kb7 {[%emt 0:00:51]} 51. Ke5 {[%emt 0:00:58]} Bg8 {[%emt 0:00:15]} 52. Kd6 {[%emt 0:03:25]} Ka6 {[%emt 0:03:09]} 53. Kxc5 {[%emt 0:00:12]} Kxa5 {[%emt 0:00:03]} 54. g7 {[%emt 0:04:06]} Ka6 {[%emt 0:00:53]} 55. Bf3 {[%emt 0:00:19]} Ka5 {[%emt 0:00:21]} 56. Be2 {[%emt 0:00:47]} Bf7 {[%emt 0:00:46]} 57. Bh5 {[%emt 0:01:10]} Bg8 {[%emt 0:00:27]} 58. Be2 {[%emt 0:00:58]} Bf7 {[%emt 0:00:07]} 59. Kd4 {[%emt 0:01:06]} Kb6 {[%emt 0:00:29]} 60. Kc3 {[%emt 0:00:34]} Kc5 {[%emt 0:00:32]} 61. Kxd2 {[%emt 0:00:43]} Kd4 {[%emt 0:00:36]} 62. Bd3 {[%emt 0:00:22]} Ke5 {[%emt 0:00:15]} 63. Bh7 {[%emt 0:00:05]} Kf6 {[%emt 0:00:02]} 64. g8=B 1/2-1/2

[Event "Tatry Open 2018"]
[Site "Tatranska Lomnica"]
[Date "2018.10.01"]
[Round "2"]
[White "Vyskocil, Neklan"]
[Black "Valenta, Vit"]
[Result "1/2-1/2"]
[WhiteElo "2315"]
[BlackElo "2147"]
[Annotator "NA"]
[PlyCount "91"]
[EventDate "2018.09.30"]
[EventType "swiss"]
[EventCountry "SVK"]
[SourceTitle "playchess.com"]
[Source "ChessBase"]
[SourceQuality "1"]
[TimeControl "40/5400+30:1800+30"]

{[%evp 37,89,6,20,0,0,-2,0,0,8,24,0,0,0,0,0,0,-4,-23,-21,-19,-18,-25,0,0,0,0,0,0,10,-20,61,-76,-48,-65,-75,-60,-66,-48,-46,-56,32767,32767,32767,32767,32767,32767,-113,-91,0,-7,-18,0,0,0]} 1. e4 {[%emt 0:04:51]} e5 {[%emt 0:00:00]} 2. Nf3 {[%emt 0:00:31]} Nc6 {[%emt 0:00:00]} 3. Bc4 {[%emt 0:01:16]} Be7 {[%emt 0:00:15]} 4. d4 {[%emt 0:00:54]} d6 {[%emt 0:00:10]} 5. h3 {[%emt 0:01:49]} Nf6 {[%emt 0:01:44]} 6. Nc3 {[%emt 0:00:12]} O-O {[%emt 0:00:24]} 7. O-O {[%emt 0:01:20]} h6 {[%emt 0:01:51]} 8. Re1 {[%emt 0:05:15]} a6 {[%emt 0:03:09] C50: Hungarian Defence and Giuoco Pianissimo} 9. a3 {[%emt 0:04:59]} (9. a4 Re8 10. dxe5 Nxe5 11. Bb3 Bf8 12. Bf4 Ng6 13. Bh2 Be6 14. Bxe6 Rxe6 15. Nd4 Re8 16. f4 {1-0 (44) Xu,Y (2356)-Wang,R (2403) China 2015}) 9... Re8 {[%emt 0:07:12]} 10. Ba2 $146 {[%emt 0:03:04]} ({Predecessor:} 10. b4 exd4 11. Nxd4 Nxe4 12. Bb3 Ng5 13. Bb2 {0-1 (13) Nunes Filho,M (1860)-Ibanez,J (1612) Caioba 2017}) 10... Bf8 {[%emt 0:00:59]} 11. Qd3 {[%emt 0:04:01]} b5 {[%emt 0:03:55]} 12. dxe5 {[%emt 0:10:40]} dxe5 {[%emt 0:05:33]} 13. Nd5 {[%emt 0:00:35]} Nb8 {[%emt 0:09:36]} 14. Bd2 {[%emt 0:15:57]} c6 {[%emt 0:07:02]} 15. Nxf6+ {[%emt 0:06:15]} Qxf6 {[%emt 0:00:14]} 16. Bc3 {[%emt 0:06:05]} Nd7 {[%emt 0:01:07]} 17. Qe2 {[%emt 0:02:07]} Bd6 {[%emt 0:07:14]} 18. Rad1 {[%emt 0:11:56]} Bc7 {[%emt 0:01:48]} 19. Nh2 {[%emt 0:03:01]} Nc5 {[%emt 0:15:59]} 20. Bd2 {[%emt 0:03:29]} Qg6 {[%emt 0:06:13]} 21. Qf3 {[%emt 0:01:15]} Ne6 {[%emt 0:06:53]} 22. c3 {[%emt 0:07:29]} Nc5 {[%emt 0:06:09]} 23. Nf1 {[%emt 0:01:58]} Be6 {[%emt 0:04:15]} 24. Bxe6 {[%emt 0:00:52]} Qxe6 {[%emt 0:00:02]} 25. Ng3 {[%emt 0:00:53]} Rad8 {[%emt 0:01:04]} 26. Bc1 {[%emt 0:00:51]} Kh7 {[%emt 0:02:27]} 27. Rxd8 {[%emt 0:01:08]} Rxd8 {[%emt 0:00:23]} 28. Rd1 {[%emt 0:00:13]} Rxd1+ {[%emt 0:01:01]} 29. Qxd1 {[%emt 0:00:01]} Qd6 {[%emt 0:00:38]} 30. Qf3 {[%emt 0:01:00]} Qe6 {[%emt 0:03:35]} 31. Nf5 {[%emt 0:00:32]} Bd8 {[%emt 0:00:57]} 32. Kh2 {[%emt 0:00:33]} Qc4 {[%emt 0:01:31]} 33. Ng3 {[%emt 0:00:39]} Nd3 {[%emt 0:00:52] [#]} (33... g6 $11) 34. Be3 {[%emt 0:00:40]} (34. b3 $1 $14 {[%mdl 512]} Qxc3 (34... Qxb3 35. Qxd3) 35. Qf5+ Kg8 {[#]} 36. Bxh6 $1 {[%mdl 512]} Nxf2 37. Bxg7 Kxg7 38. Qxf2) 34... Nxb2 {[%emt 0:00:38]} 35. Qf5+ {[%emt 0:00:09]} g6 $1 {[%emt 0:00:31]} 36. Qxe5 {[%emt 0:00:21]} Qe6 {[%emt 0:00:35]} 37. Qb8 {[%emt 0:00:47]} Bf6 {[%emt 0:00:32]} 38. Bd4 $1 {[%emt 0:00:41]} c5 {[%emt 0:00:47]} 39. Bxc5 {[%emt 0:00:37]} Bxc3 {[%emt 0:00:31]} 40. Bd6 {[%emt 0:00:33]} Nc4 {[%emt 0:00:57]} 41. Bf4 {[%emt 0:17:54]} Be5 {[%emt 0:16:58]} (41... Nxa3 $19 42. Qf8 Nc4 43. Qxh6+ Kg8) 42. Bxe5 {[%emt 0:01:22]} Nxe5 {[%emt 0:00:22]} (42... Qxe5 $17 43. Qf8 Qf4) 43. f4 $1 {[%emt 0:01:27]} Nc4 {[%emt 0:01:56]} 44. e5 {[%emt 0:03:23]} Qd5 {[%emt 0:01:25]} ({Avoid the trap} 44... Nxa3 $2 45. Ne4 $18) 45. Qf8 $11 {[%emt 0:03:45]} Ne3 {[%emt 0:01:32]} 46. Ne4 {[%emt 0:00:48]} 1/2-1/2

[Event "Tatry Open 2018"]
[Site "Tatranska Lomnica"]
[Date "2018.10.01"]
[Round "2"]
[White "Matras, Ondrej"]
[Black "Jurcisin, Imrich"]
[Result "1-0"]
[WhiteElo "2224"]
[BlackElo "1976"]
[Annotator "ChessBase"]
[PlyCount "75"]
[EventDate "2018.09.30"]
[EventType "swiss"]
[EventCountry "SVK"]
[SourceTitle "playchess.com"]
[Source "ChessBase"]
[SourceQuality "1"]
[TimeControl "40/5400+30:1800+30"]

1. d4 {[%emt 0:00:00]} Nf6 {[%emt 0:00:00]} 2. c4 {[%emt 0:00:00]} e5 {[%emt 0:00:00]} 3. dxe5 {[%emt 0:00:00]} Ng4 {[%emt 0:00:04]} 4. Bf4 {[%emt 0:00:00]} Nc6 {[%emt 0:00:26]} 5. Nf3 {[%emt 0:00:00]} Bb4+ {[%emt 0:00:31]} 6. Nbd2 {[%emt 0:00:00]} Qe7 {[%emt 0:00:51]} 7. e3 {[%emt 0:00:00]} Ngxe5 {[%emt 0:02:10]} 8. Nxe5 {[%emt 0:00:00]} Nxe5 {[%emt 0:00:20]} 9. Be2 {[%emt 0:00:00]} a5 {[%emt 0:01:47]} 10. O-O {[%emt 0:06:08]} Ra6 {[%emt 0:01:26]} 11. Nb3 {[%emt 0:11:15]} a4 {[%emt 0:09:26]} 12. Nd4 {[%emt 0:01:34]} Bc5 {[%emt 0:07:20]} 13. Nf5 {[%emt 0:06:12]} Qf6 {[%emt 0:01:07]} 14. Ng3 {[%emt 0:00:55]} Qe6 {[%emt 0:03:44]} 15. Qd5 {[%emt 0:15:02]} d6 {[%emt 0:03:04]} 16. Ne4 {[%emt 0:01:18]} Ra5 {[%emt 0:05:33]} 17. Qd2 {[%emt 0:10:19]} Bb6 {[%emt 0:01:21]} 18. Qc3 {[%emt 0:08:37]} Ng6 {[%emt 0:12:14]} 19. Bd3 {[%emt 0:12:45]} O-O {[%emt 0:03:01]} 20. Bg3 {[%emt 0:07:27]} Rh5 {[%emt 0:03:25]} 21. Qc2 {[%emt 0:01:12]} Bd7 {[%emt 0:00:33]} 22. Nc3 {[%emt 0:00:41]} Ne5 {[%emt 0:01:18]} 23. Be2 {[%emt 0:00:57]} Ng4 {[%emt 0:05:33]} 24. Bxg4 {[%emt 0:05:59]} Qxg4 {[%emt 0:00:18]} 25. Nxa4 {[%emt 0:00:17]} Ba5 {[%emt 0:05:42]} 26. Rad1 {[%emt 0:02:53]} Ra8 {[%emt 0:05:09]} 27. Rd4 {[%emt 0:01:23]} Qe6 {[%emt 0:03:18]} 28. a3 {[%emt 0:03:34]} Ra6 {[%emt 0:04:06]} 29. Nc3 {[%emt 0:00:47]} Rc6 {[%emt 0:01:17]} 30. b4 {[%emt 0:04:03]} Bb6 {[%emt 0:00:30]} 31. Re4 {[%emt 0:01:00]} Qg6 {[%emt 0:00:37]} 32. Qd1 {[%emt 0:00:36]} Be6 {[%emt 0:03:06]} 33. c5 {[%emt 0:00:35]} Ba7 {[%emt 0:00:53]} 34. Rd4 {[%emt 0:00:48]} h6 {[%emt 0:00:53]} 35. Nb5 {[%emt 0:00:21]} Ra6 {[%emt 0:03:41]} 36. Nxc7 {[%emt 0:00:13]} Rxa3 {[%emt 0:00:20]} 37. Nxe6 {[%emt 0:00:25]} Qxe6 {[%emt 0:01:04]} 38. Qxh5 {[%emt 0:00:12]} 1-0